Law of the Sea Convention and U.S. Policy.

Reviews the 1982 UN Convention on the Law of the Sea and the 1994 Agreement on the Implementation of Part XI of the Convention, and U.S. adherence. Examines U.S. naval and maritime commerce interests, and seabed mining, and discusses issues for the Senate. Includes a brief chronology of events, 1973...

Full description

Bibliographic Details
Corporate Authors: Library of Congress. Congressional Research Service, ProQuest (Firm)
Format: eBook
Language:English
Published: [Place of publication not identified] : [publisher not identified], 2000.
Series:U.S. Congressional Research.
Subjects:
Online Access:Connect to the full text of this electronic book

MARC

Tag First Indicator Second Indicator Subfields
LEADER 00000cam a22000001a 4500
001 in00003383721
006 m d f
007 cr bn mmmapmmp
008 100720s2000 dcu o f000 0 eng d
005 20260429173944.2
035 |a cis2007895043 
040 |a ProQuest  |c ProQuest  |d UtOrBLW 
043 |a n-us--- 
099 |a CRS-2000-FDT-0150 
110 2 |a Library of Congress.  |b Congressional Research Service. 
245 1 0 |a Law of the Sea Convention and U.S. Policy. 
264 1 |a [Place of publication not identified] :  |b [publisher not identified],  |c 2000. 
300 |a 1 online resource. 
336 |a text  |b txt  |2 rdacontent 
337 |a computer  |b c  |2 rdamedia 
338 |a online resource  |b cr  |2 rdacarrier 
500 |a Record is based on bibliographic data in ProQuest U.S. Congressional Research Digital Collection (last viewed July 2010). Reuse except for individual research requires license from ProQuest, LLC. 
500 |a CRS Report. 
520 |a Reviews the 1982 UN Convention on the Law of the Sea and the 1994 Agreement on the Implementation of Part XI of the Convention, and U.S. adherence. Examines U.S. naval and maritime commerce interests, and seabed mining, and discusses issues for the Senate. Includes a brief chronology of events, 1973-99. 
500 |a Electronic resource. 
650 0 |a Chronology. 
650 0 |a Mineral industries. 
650 0 |a Treaties. 
655 7 |a Electronic books.  |2 local 
710 2 |a ProQuest (Firm) 
776 0 8 |i Microfiche version:   |a Library of Congress. Congressional Research Service.  |t Law of the Sea Convention and U.S. Policy 
830 0 |a U.S. Congressional Research. 
856 4 0 |u http://proxy.library.tamu.edu/login?url=https://congressional.proquest.com/congcomp/getdoc?CRDC-ID=CRS-2000-FDT-0150  |z Connect to the full text of this electronic book  |t 0 
999 |a MARS 
999 f f |s a5992a57-cb4a-33b6-9b98-cba1bd33e788  |i 015e5804-be14-3b6c-bef8-805f9478c6c1  |t 0 
952 f f |a Texas A&M University  |b College Station  |c Electronic Resources  |s www_evans  |d Available Online  |t 0  |e CRS-2000-FDT-0150  |h Other scheme 
998 f f |a CRS-2000-FDT-0150  |t 0  |l Available Online